Sports City Scramble - Statistics

General Stats
  • This quiz has been taken 18 times
  • The average score is 18 of 22
Answer Stats
Player 1 Player 2 Answer % Correct
Lance Lynn Thaddeus Young Chicago
100%
Steve Nash Kyle Gibson Dallas
94%
Max Scherzer Golden Tate Detroit
94%
Robbie Ray Jimmy Graham Seattle
94%
Dwight Howard William Contreras Atlanta
88%
Yasiel Puig Eli Apple Cincinnati
88%
Ryan Ludwick Isaiah Crowell Cleveland
88%
Dallas Keuchel Kyle Lowry Houston
88%
Kenny Golladay Evan Fournier New York
88%
Jimmy Butler Didi Gregorious Philadelphia
88%
Matt Olson Marshawn Lynch Oakland
82%
Tommy Pham Brandon Knight Phoenix
82%
Kendrick Perkins Antonio Brown Boston
76%
Julius Peppers Frank Kaminsky Charlotte
76%
Carlos Santana Mitchell Schwartz Kansas City
76%
Taj Gibson Luis Arraez Minneapolis
76%
Coby Fleener Eric Gordon New Orleans
76%
Gerrit Cole Vance McDonald Pittsburgh
76%
Eric Weddle Wil Myers San Diego
76%
Nick Foles Randal Grichuk St. Louis
76%
Jamaal Charles Kris Bryant Denver
65%
George Hill Yannick Ngakoue Indianapolis
59%
No matching quizzes found
Score Distribution
Percent of People with Each Score
Percentile by Number Answered
Your Score History
You have not taken this quiz